|
|
|
|
| LEADER |
00000naa a2200000uu 4500 |
| 001 |
vtls010961416 |
| 003 |
SK-MaSNL |
| 005 |
20260302121057.0 |
| 008 |
220810|2001 xo |||||||||||||||||cze| |
| 015 |
|
|
|a SNBRA
|
| 035 |
|
|
|a (urnnbn)urn:nbn:sk:snk:ar-a0bs3s
|
| 035 |
|
|
|a (uuid)8ca73d82-0db5-484a-8c0e-1fea30f8a08f
|
| 035 |
|
|
|a urn:nbn:sk:snk-aaujrg
|
| 040 |
|
|
|a SNKBUCL
|b slo
|c SNKBUCL
|e AACR2
|
| 041 |
0 |
|
|a cze
|
| 044 |
|
|
|a xo
|c SK
|
| 100 |
1 |
|
|a Rodryčová, Danuše
|4 aut
|9 802586
|
| 245 |
1 |
0 |
|a KOMPLEXNÍ BEZPEČNOSTNÍ VZDĚLÁVÁNÍ JAKO ZÁKLAD BEZPEČNOSTNÍHO VĚDOMÍ
|c Danuše Rodryčová
|
| 773 |
0 |
|
|t Bezpečnosť informácií vo finančnom sektore
|d Žilina : NMC, 2001, 2001
|g S. 17-25
|z 8085655187
|
| 954 |
|
|
|a odborná, vedecká literatúra cudzojazyčná (svetová)
|2 lita
|
| 958 |
|
|
|a OND
|
| 958 |
|
|
|a article11
|
| 958 |
|
|
|a chapter
|
| 999 |
|
|
|c 1272425
|d 1274355
|